000 00330 a2200121 4500
001 ART_13061
005 20260410161735.0
008 260409a
245 1 0 _aGobierno
100 1 _aAlemann, Roberto T.
700 1 _aBotana, Natalio
773 0 _tEjecutivos de finanzas
_g- Año 7, Nº 66 (jun. 1990)
_wREV2863
999 _c18209
_d18209